000 00506nam a2200193 a 4500
001 1770457098348
003 YourLibrary
005 20260207150950.0
008 260207s2005##################000#0#eng##
020 _a9780060817565
082 0 4 _a305.896
_bLEW
100 1 _aLewis, David Levering,
_eauthor.
245 1 0 _aA Small Nation of People :
260 _bHarper Collins,
_c2005.
300 _a216 pages
650 0 _aSocial Science.
942 _cENGLISH
040 _aYourLibrary
_beng
_cYourLibrary
999 _c611154
_d611154